[Event "USCL Seattle vs Arizona"]
[Site "Internet Chess Club"]
[Date "2009.10.28"]
[Round "9"]
[White "Mateer, Amanda"]
[Black "Sinanan, Joshua"]
[Result "1-0"]
[WhiteElo "1986"]
[BlackElo "2284"]
[PlyCount "93"]
[EventDate "2009.??.??"]

1. d4 Nf6 2. c4 e6 3. Nc3 Bb4 4. Qc2 O-O 5. e4 d5 6. e5 Ne4 7. Bd3 c5 8. cxd5
exd5 9. Nge2 Nc6 10. O-O Bxc3 11. bxc3 cxd4 12. Ba3 Re8 13. cxd4 Qa5 14. Bxe4
dxe4 15. Bd6 Bg4 16. Ng3 Qd5 17. h3 Nxd4 18. Qb2 Bf3 19. gxf3 Nxf3+ 20. Kg2
Nh4+ 21. Kh1 Qe6 22. Kh2 Nf3+ 23. Kg2 Ng5 24. Rh1 Qg6 25. Qe2 f5 26. Qh5 f4 27.
Qxg6 hxg6 28. Nf1 Nf3 29. h4 Rac8 30. Rb1 b6 31. e6 Rxe6 32. Bxf4 Rc2 33. a3
Ra2 34. Rb3 Rc6 35. Ng3 Nd4 36. Rb4 Ne6 37. Be3 Rxa3 38. Nxe4 Rc2 39. Kf3 Rd3
40. Ra1 Rd7 41. Rba4 Rcc7 42. Ng5 Nd8 43. Bf4 Rb7 44. Re1 Re7 45. Rae4 Nc6 46.
Bd6 Nd4+ 47. Kg2 1-0

[Event "USCL Seattle vs Arizona"]
[Site "Internet Chess Club"]
[Date "2009.10.28"]
[Round "9"]
[White "Milat, Marcel"]
[Black "Adamson, Robby"]
[Result "1/2-1/2"]
[WhiteElo "2354"]
[BlackElo "2354"]
[PlyCount "56"]
[EventDate "2009.??.??"]

1. d4 Nf6 2. c4 c5 3. d5 b5 4. cxb5 a6 5. bxa6 g6 6. Nc3 Bxa6 7. g3 d6 8. Bg2
Bg7 9. Nf3 Nbd7 10. Rb1 Nb6 11. b3 Bc8 12. Nh4 h6 13. Qc2 Qd7 14. Bb2 g5 15.
Nf3 Bb7 16. Rd1 O-O 17. O-O Ra7 18. e4 Rc8 19. Rfe1 Ng4 20. h4 Ne5 21. Nxe5
Bxe5 22. hxg5 hxg5 23. Qe2 g4 24. Qe3 Kh7 25. f4 gxf3 26. Qxf3 Rg8 27. Qh5+ Kg7
28. Bh3 Qe8 1/2-1/2